| 000 | 00414cam a2200181ua 4500 | ||
|---|---|---|---|
| 020 | _cRs.250.00 | ||
| 041 |
_aeng _h |
||
| 082 |
_a637.14 _bMAD/DA |
||
| 100 | _aMadanmohan, C . | ||
| 245 | _aDairy management in india | ||
| 250 |
_a1 / _b. |
||
| 260 |
_aNew Delhi : _bMittal publications , _c1989. |
||
| 300 | _a320 ; . | ||
| 365 | _aRs.250.00 | ||
| 504 | _a | ||
| 942 | _cBK | ||
| 999 |
_c282 _d282 |
||